000 00282nam a22001337a 4500
008 170511b xxu||||| |||| 00| 0 eng d
020 _a0393009408
041 _aeng
080 _a343.9
100 _a15
101 _aSHJ
245 _aCRIME MOVIES
_cCLARENS, C
942 _2udc
_cBK
999 _c13118
_d13118